|
|
|
|
| LEADER |
01039nam a2200253 a 4500 |
| 001 |
31877 |
| 003 |
BD-DhAAL |
| 005 |
20211207114646.0 |
| 008 |
170716s2016 bg ar f0 a0eng d |
| 999 |
|
|
|c 38184
|d 38184
|
| 040 |
|
|
|a BD-DhAAL
|c BD-DhAAL
|
| 082 |
0 |
0 |
|a 354.549200722
|2 22
|
| 245 |
0 |
0 |
|a Annual Budget 2012-2013 :
|b consolidated fund receipts
|
| 260 |
|
|
|a Dhaka :
|b Ministry of Finance, Finance Division, Government of the People's Republic of Bangladesh.
|c 2016
|
| 300 |
|
|
|a 379 pages :
|b illustrations ;
|c 25 cm.
|
| 515 |
|
|
|a Report based on fiscal year.
|
| 526 |
|
|
|a ESS
|
| 541 |
|
|
|a 31877
|
| 650 |
|
0 |
|a Budget
|z Bangladesh.
|9 21806
|
| 650 |
|
0 |
|a Economics.
|9 43494
|
| 710 |
2 |
|
|a Ministry of Finance, Finance Division, Government of the People's Republic of Bangladesh.
|9 21807
|
| 852 |
1 |
|
|a Ayesha Abed Library
|c General Stacks
|
| 942 |
|
|
|2 ddc
|c BK
|
| 952 |
|
|
|0 0
|1 0
|2 ddc
|4 0
|6 354_549200722000000_ANN
|7 0
|9 60869
|a BRACUL
|b BRACUL
|c GEN
|d 2017-07-04
|e Lucky Book Seller
|g 150.00
|l 0
|o 354.549200722 ANN
|p 3010031877
|r 2017-07-04
|t 1
|v 150.00
|w 2017-07-04
|y BK
|